| 000 | 01136cad a22002295a 4500 | ||
|---|---|---|---|
| 001 | E147559 | ||
| 008 | 090522s2009 xxuad f s 000 0 eng d | ||
| 035 | _a(Sirsi) u147559 | ||
| 041 | 0 | _aeng | |
| 050 | 0 | 4 | _a333.33 $2 18 |
| 110 | 2 |
_aColliers International Property Consultants _91881 |
|
| 245 | 0 | 0 |
_aHighlights _bretail, spring 2009 _h[electronic resource] |
| 260 |
_aBoston _bColliers _c2009 |
||
| 490 | 0 |
_aColliers United States Retail Highlights _vSpring 2009 |
|
| 520 | _aA semi-annual review of rents, vacancy, development and trends in the retail sector across the United States. Reports that retail purchases fell 0.2% between February and March 2009, and predicts that increasing levels of unemployment will continue to put a brake on consumer spending. Vacancy rates continue to rise, and rents to fall. | ||
| 590 | _aKA | ||
| 650 | 2 | 4 | _aCOLLIERS UNITED STATES RETAIL HIGHLIGHTS |
| 651 | 4 |
_aUnited States _y1959- |
|
| 690 | _aPROPERTY-COMMERCIAL PROPERTY-COMMERCIAL PROPERTY MARKET | ||
| 856 | 4 | 0 |
_uhttps://www.colliers.com/Markets/USA/MarketReports/ _zView the report free of charge at www.colliers.com... |
| 942 | _n0 | ||
| 999 |
_c109620 _d109620 |
||